[Event "Barcelona Sant Marti op-B 19th"]
[Site "Barcelona"]
[Date "2017.07.18"]
[Round "6"]
[White "Barrot Farre, Salvador"]
[Black "Kyrkjebo, Eirik"]
[Result "1-0"]
[WhiteElo "1771"]
[BlackElo "1611"]
[PlyCount "87"]
[EventDate "2017.07.13"]
[EventType "swiss"]
[EventRounds "9"]
[EventCountry "ESP"]
[SourceTitle "EXT 2018"]
[Source "ChessBase"]
[SourceDate "2017.10.13"]
[SourceVersion "1"]
[SourceVersionDate "2017.10.13"]
[SourceQuality "1"]

1. e4 e5 2. Nf3 Nc6 3. Bb5 a6 4. Bxc6 dxc6 5. d3 Bd6 6. 0-0 Bg4 7. Nbd2 Qd7 8. h3 Bh5 9. Qe2 0-0-0 10. Qe3 Kb8 11. Nc4 f6 12. Nfd2 g5 13. Nb3 Ne7 14. Nc5 Bxc5 15. Qxc5 g4 16. h4 g3 17. fxg3 Rhg8 18. Kh2 Rg6 19. Be3 Nc8 20. Bf2 Rdg8 21. a4 Qg7 22. Qe3 Rg4 23. Be1 Rxh4+ 24. Kg1 Rg4 25. b4 Be8 26. Na5 h5 27. Rf3 h4 28. c4 hxg3 29. b5 f5 30. Rxf5 Qh7 31. Kf1 Qh1+ 32. Qg1 Qh6 33. Qc5 Rf4+ 34. Ke2 Bh5+ 35. Rxh5 Qxh5+ 36. Kd2 Qh1 37. bxa6 Qxg2+ 38. Kc3 Nd6 39. Nxc6+ Kc8 40. a7 Kd7 41. Nb8+ Ke6 42. Qd5+ Ke7 43. Qxe5+ Kf7 44. Qxf4+ 1-0

[Event "Tarrega Tardor op 1st"]
[Site "Tarrega"]
[Date "2015.10.16"]
[Round "3"]
[White "Ramos Perez, Isaac"]
[Black "Barrot Farre, Salvador"]
[Result "0-1"]
[WhiteElo "1664"]
[BlackElo "1897"]
[PlyCount "80"]
[EventDate "2015.10.02"]
[EventType "swiss"]
[EventRounds "8"]
[EventCountry "ESP"]
[SourceTitle "CBM 169 Extra"]
[Source "ChessBase"]
[SourceDate "2015.12.18"]
[SourceVersion "1"]
[SourceVersionDate "2015.12.18"]
[SourceQuality "1"]

1. e4 c5 2. Nf3 d6 3. Bc4 e6 4. 0-0 Nf6 5. Nc3 a6 6. a3 b5 7. Ba2 b4 8. axb4 cxb4 9. Na4 Nxe4 10. Nd4 Bb7 11. d3 Nf6 12. Bg5 Be7 13. Qd2 a5 14. Bc4 0-0 15. Bxe6 fxe6 16. Nxe6 Qc8 17. Nxf8 Qxf8 18. Nb6 Ra6 19. Qe3 Qd8 20. Nc4 Nbd7 21. c3 b3 22. Bxf6 Nxf6 23. Ra3 a4 24. Qe6+ Kf8 25. Re1 d5 26. Qe5 dxc4 27. dxc4 Bxa3 28. h4 Bxb2 29. h5 h6 30. Qc5+ Qd6 31. Qxd6+ Rxd6 32. c5 Rc6 33. Rd1 Bxc3 34. Rd8+ Ke7 35. Rb8 Rc7 36. c6 Bxc6 37. Rxb3 axb3 38. Kh2 b2 39. Kh3 b1Q 40. g3 Qh1# 0-1